01973cam a22003254a 450000100090000000300050000900500170001400800410003101000170007201500190008901600200010801600180012802000420014602000390018803500240022704000620025104200080031305000230032108200200034410000260036424500760039026000640046630000640053050508360059465000510143065000550148165000330153665000420156965000360161115601721NUST20221006111432.0090122s2009 enkaf b 001 0 eng  a 2009002688 aGBA9100652bnb7 a1014941682DNLM7 a0148943402Uk a9780521888950 (hardback : alk. paper) a0521888956 (hardback : alk. paper) a(OCoLC)ocn286431045 aDNLM/DLCcDLCdNLMdBTCTAdYDXCPdUKMdCDXdC#PdBWXdDLC apcc00aQP551.5b.Z53 200900a572.64, ZHA2221 aZhang, Aidong,d1961-10aProtein interaction networks :bcomputational analysis /cAidong Zhang. aCambridge ;aNew York :bCambridge University Press,c2009. axiv, 278 p., [8] p. of plates :bill. (some col.) ;c26 cm.0 aIntroduction (Page-1),Experimental approaches to generation of PPI data (Page-11),Computational methods for the prediction of PPIs (Page-21),Basic properties and measurements of protein interaction networks (Page-33),Modularity analysis of protein interaction networks (Page-50),Topological analysis of protein interaction networks / with Woo-chang Hwang (Page-63), Distance-based modularity analysis (Page-109), Graph-theoretic approaches to modularity analysis (Page-130),Flow-based analysis of protein interaction networks (Page-152),Statistics and machine learning based analysis of protein interaction networks / with Pritam Chanda and Lei Shi (Page-199),Integration of GO into the analysis of protein interaction networks / with Young-rae Cho (Page-216),Data fusion in the analysis of protein interaction networks (Page-243). 0aProtein-protein interactionsxData processing. 0aProtein-protein interactionsxMathematical models.12aProtein Bindingxphysiology.12aProtein Interaction Mappingxmethods.22aComputational Biologyxmethods.